000 00896nas a2200277 4500
001 BR9901842
003 BR-BrBNA
005 20231205101341.0
007 ta
008 230509b bl.|||p| |||| 00| 00por d
040 _aBR-BrBNA
_bpor
_cBiblioteca Nacional de Agricultura
041 _a(Pt)
072 _aL10
100 1 _aMourao, G.B.
100 1 _aBergmann, J.A.G.
100 1 _aMadalena, F.E.
100 1 _aFerreira, M.B.D.
245 1 _aDiferencas geneticas e estimacao de coeficientes de herdabilidade para caracteristicas morfologicas em femeas Zebus e F1 Holandes x Zebu
650 _aGado Mestico
650 _aParametro Genetico
650 _aGenotipo
650 _aHereditariedade
773 0 _tRevista Brasileira de Zootecnia (Brazil)
_xISSN 1516-3598
_g(Jan-Feb 1999), v. 28(1) p. 44-54
_wBR9901842
909 _a202311
_bLúcia
_c55
_dLúcia Elande
942 _2AGRIS
_n0
_cANA
999 _c161299
_d161299